|
|
|
|
| LEADER |
00000cam a22000004a 4500 |
| 001 |
musev2_11596 |
| 003 |
MdBmJHUP |
| 005 |
20230905041311.0 |
| 006 |
m o d |
| 007 |
cr||||||||nn|n |
| 008 |
060830s2007 nbu o 00 0 eng d |
| 010 |
|
|
|z 2006028848
|
| 020 |
|
|
|a 9780803206922
|
| 020 |
|
|
|z 0803206925
|
| 035 |
|
|
|a (OCoLC)106162998
|
| 040 |
|
|
|a MdBmJHUP
|c MdBmJHUP
|
| 043 |
|
|
|a n-us-ca
|
| 050 |
0 |
4 |
|a HV6248.M257
|b C35 2007
|
| 082 |
0 |
|
|a 364.152/3092
|a B
|2 22
|
| 100 |
1 |
|
|a Cairns, Kathleen A.,
|d 1946-
|
| 245 |
1 |
4 |
|a The Enigma Woman :
|b The Death Sentence of Nellie May Madison /
|c Kathleen A. Cairns.
|
| 264 |
|
1 |
|a Lincoln :
|b University of Nebraska Press,
|c 2007.
|
| 264 |
|
3 |
|a Baltimore, Md. :
|b Project MUSE,
|c 2012
|
| 264 |
|
4 |
|c ©2007.
|
| 300 |
|
|
|a 1 online resource:
|b ill. ;
|
| 336 |
|
|
|a text
|b txt
|2 rdacontent
|
| 337 |
|
|
|a computer
|b c
|2 rdamedia
|
| 338 |
|
|
|a online resource
|b cr
|2 rdacarrier
|
| 490 |
0 |
|
|a Women in the west
|
| 504 |
|
|
|a Includes bibliographical references (p. 249-288) and index.
|
| 505 |
0 |
|
|a A girl from Montana -- Midnight alibi -- Outlaw woman -- Enigma woman -- The ultimate penalty -- The people v. Nellie Madison -- The defense -- Lady Macbeth -- The verdict -- A condemned woman -- An abused woman -- The reprieve -- Life in prison -- A traditional woman.
|
| 588 |
|
|
|a Description based on print version record.
|
| 600 |
1 |
0 |
|a Madison, Nellie May,
|d 1895-1953.
|
| 650 |
|
0 |
|a Sex role
|z United States
|x History.
|
| 650 |
|
0 |
|a Abused women
|z California
|x Biography.
|
| 650 |
|
0 |
|a Women murderers
|z California
|x Biography.
|
| 655 |
|
7 |
|a Electronic books.
|2 local
|
| 710 |
2 |
|
|a Project Muse.
|e distributor
|
| 830 |
|
0 |
|a Book collections on Project MUSE.
|
| 856 |
4 |
0 |
|z Texto completo
|u https://projectmuse.uam.elogim.com/book/11596/
|
| 945 |
|
|
|a Project MUSE - Custom Collection
|
| 945 |
|
|
|a Project MUSE - Archive Complete Foundation
|
| 945 |
|
|
|a Project MUSE - Archive Global Cultural Studies Foundation
|